Szczegóły MARC21

Modelowanie organizacji produkcji przedsiębiorstwa rolnego : rozwiązania kompromisowe w projektowaniu organizacyjno-gospodarczego u rządzenia /

005 -DATA I CZAS OSTATNIEJ MODYFIKACJI [,]
    • @
    • pole kontrolne
    • 20070315155141.9
040 -Instytucja sporządzająca opis [ , ]
    • a
    • Instytucja, która sporządziła opis (NP)
    • SZCZ U
    • c
    • Instytucja, która sporządziła rekord (NP)
    • SZCZ U
041 -Język dokumentu [0, ]
    • a
    • Język tekstu (P)
    • polski
    • h
    • Język tekstu oryginalnego i/lub pośredniego (P)
    • polski
942 -Rodzaj dokumentu [ , ]
    • c
    • Rodzaj dokumentu
    • Książka
100 -Hasło główne - nazwa osobowa [ , ]
    • a
    • Nazwa osobowa (NP)
    • BUDZIŃSKI RYSZARD
245 -Strefa tytułu i oznaczenia odpowiedzialności [1, ]
    • a
    • Tytuł
    • Modelowanie organizacji produkcji przedsiębiorstwa rolnego : Find
    • b
    • Ciąg dalszy tytułu (NP)
    • rozwiązania kompromisowe w projektowaniu organizacyjno-gospodarczego u rządzenia / Find
260 -Strefa adresu wydawniczego [ , ]
    • a
    • Miejsce wydania (P)
    • Szczecin :
    • b
    • Nazwa wydawcy (P)
    • Wydaw.Nauk.US,
    • c
    • Data wydania (P)
    • 1988.
300 -Strefa opisu fizycznego [ , ]
    • a
    • Określenie formy książki i/lub objętość (NP)
    • 110 s. :
    • b
    • Oznaczenie ilustracji (NP)
    • il. :
    • c
    • Format (NP)
    • 24 cm.
490 -Strefa serii i książki wielotomowej - forma nie do wyszukiwania [0, ]
    • a
    • Tytuł (P)
    • (Rozprawy i Studia / Uniwersytet Szczeciński ; Find
    • v
    • Numeracja (P)
    • t.107)
500 -Uwaga ogólna [ , ]
    • a
    • Uwaga ogólna (NP)
    • Bibliogr. Streszcz. Summ
080 -Uniwersalna Klasyfikacja Dziesiętna [ , ]
    • a
    • Symbol klasyfikacji
    • 631
    • 9
    • UKD
    • 5290
    • 2
    • Identyfikator wydania tablic
    • UDC-P058
    • b
    • Dopowiedzenie
    • Ogólne zagadnienia rolnictwa.
080 -Uniwersalna Klasyfikacja Dziesiętna [ , ]
    • a
    • Symbol klasyfikacji
    • :658.008
980 -Symbol UKD [ , ]
    • a
    • UKD
    • 631:658.008
Lokalizacja Data inwentaryzacji Status udost. Numer inwentarzowy
BE2000-01-282S.66276
BE2000-01-282S.66277
BE2000-01-282S.66278
BE2000-01-282S.66279
BE2000-01-282S.66280
BE2000-01-282S.66281
T2000-01-31-2T.1805